| 000 | 00342 a2200133 4500 | ||
|---|---|---|---|
| 001 | 76674 | ||
| 020 | _a969-503-032-7 | ||
| 082 | _a922.97 AHM | ||
| 090 |
_c39188 _d39188 |
||
| 100 | _aSiraj Din Ahmed | ||
| 245 |
_aHayat-e- Salah-uddin Ayubi ( Urdu) _cSiraj Din Ahmed _hurdu |
||
| 260 |
_aLahore _bAl-Faisal Nashran _c2009 |
||
| 300 | _a220.P | ||
| 942 |
_acaenust _k922.97 AHM |
||
| 999 |
_c311747 _d311747 |
||